000 00287nam a2200097Ia 4500
008 220204s9999 xx 000 0 und d
082 _aNR:63:930.25
_bARC.46
245 0 _aReaction of pueraria phaseoloides and centrosema pubescens to neburon
260 _aMalaysia
_bRRIM
_c1965
942 _cBK
999 _c22754
_d22754